[Event "84th Annual Southwest Open"]
[Site "Irving"]
[Date "2018.09.01"]
[Round "3"]
[White "Dejmek, Mark"]
[Black "Checa, Nicolas"]
[Result "0-1"]
[WhiteElo "1998"]
[BlackElo "2478"]
[Annotator "TA"]
[PlyCount "83"]
[EventDate "2018.08.31"]
[EventType "swiss"]
[EventCountry "USA"]
[SourceTitle "playchess.com"]
[Source "ChessBase"]
[SourceQuality "1"]

{[%evp 15,83,22,20,-64,-64,-69,-69,-74,-76,-78,-84,-78,-69,-69,-70,-79,-60,-96,-97,-99,-99,-91,-101,-106,-100,-108,-104,-122,-115,-120,-124,-130,-129,-140,-115,-161,-148,-232,-230,-227,-213,-218,-199,-234,-189,-188,-175,-191,-182,-241,-230,-235,-220,-327,-315,-312,-319,-306,-254,-282,-269,-480,-480,-485,-498,-29955,-29956,-8997,-8191,-29986]} 1. e4 e6 2. d4 d5 3. Nc3 Bb4 4. Nge2 dxe4 5. a3 Be7 6. Nxe4 Nf6 7. Nxf6+ Bxf6 8. Be3 {C15: Französische Verteidigung (Nimzowitsch-Variante)} O-O {LiveBook: 21 Partien} 9. Ng3 (9. Qd3 $11) (9. Qd2 b6 10. O-O-O Bb7 11. h4 Nd7 12. Nf4 Be7 13. h5 Nf6 14. f3 Qc8 15. Qf2 Rd8 {0-1 (33) Jobava,B (2703)-Ivanchuk,V (2757) Leuven 2017}) 9... c5 $1 $15 10. c3 {Schwarz steht etwas besser.} cxd4 11. Bxd4 Bxd4 12. Qxd4 Qxd4 13. cxd4 Nc6 14. O-O-O $146 ({Vorgänger:} 14. Rd1 Rd8 15. Ne2 b6 {0-1 (34) Nazarenko,D-Nikitin,A (2418) Tomsk 1999}) 14... Rd8 15. Ne2 b6 16. g3 Bb7 $36 {[%mdl 2048] [#] zielt auf ...Tac8 ab. Weiss steht unter starkem Druck.} 17. Bg2 Nxd4 18. Bxb7 Nxe2+ 19. Kb1 Rab8 20. Ba6 Nd4 21. Rc1 Rd7 22. Bc8 Rd6 23. Rhd1 g5 24. f4 h6 25. Ba6 Rbd8 26. Rc8 (26. Rc7 $17 {ist wohl besser.}) 26... Rxc8 $19 27. Bxc8 {[%mdl 4096] Endspiel KTL-KTS} Kg7 28. Bb7 Kf6 29. Be4 Ke7 30. Rd2 f5 31. Bg2 a5 32. h4 (32. Ba8 {war angesagt.}) 32... gxf4 33. gxf4 Kf6 34. b4 (34. Bb7 $142) 34... axb4 35. axb4 e5 36. fxe5+ Kxe5 37. Kb2 f4 {[%cal Bf5f4,Bf4f3][%mdl 32]} 38. Bf1 $2 (38. Rd3 {war die einzige Verteidigung.}) 38... f3 39. Rd1 Nf5 40. Rxd6 {[#]} (40. Rc1 $19 Nxh4 41. Ba6) 40... Kxd6 41. Kc3 Ng3 42. Kd4 {Precision: Weiß = 33%, Schwarz = 95%.} 0-1

[Event "84th Annual Southwest Open"]
[Site "Irving"]
[Date "2018.09.01"]
[Round "3"]
[White "Free, Graham"]
[Black "Ynojosa Aponte, Felix Jose"]
[Result "0-1"]
[WhiteElo "1926"]
[BlackElo "2370"]
[Annotator "TA"]
[PlyCount "64"]
[EventDate "2018.08.31"]
[EventType "swiss"]
[EventCountry "USA"]
[SourceTitle "playchess.com"]
[Source "ChessBase"]
[SourceQuality "1"]

{[%evp 14,64,16,26,135,131,138,139,131,145,148,89,109,95,116,122,152,115,105,104,107,0,123,114,93,106,112,104,99,109,104,91,84,97,83,10,0,10,39,-24,0,0,28,-341,-322,-564,-556,-557,-561,-508,-512,-510,-481]} 1. d4 Nf6 2. Bf4 e6 3. e3 c5 4. c3 Nc6 5. Nd2 d5 6. Ngf3 Nh5 7. Bg5 {D02: 1 d4 d5 2 Nf3 sidelines, including 2...Nf6 3 g3 and 2...Nf6 3 Bf4} Qb6 (7... Qc7 8. Ne5 g6 9. Nxc6 bxc6 10. Be2 Rb8 11. Rb1 h6 12. Bh4 g5 13. Bxh5 gxh4 14. O-O Bd6 {1-0 (53) Harikrishna,P (2732)-Navara,D (2727) Prague 2018}) 8. dxc5 {LiveBook: 4 Games} Qxb2 (8... Qxc5 $11 {keeps the balance.} 9. Nb3 Qd6) 9. Nd4 $16 {White is clearly better.} h6 $146 ({Predecessor:} 9... Nxd4 10. cxd4 Nf6 11. Rb1 Qxa2 12. Bxf6 gxf6 13. Bb5+ Kd8 14. Ra1 Qb2 15. Qa4 e5 16. O-O Qxd2 17. Rfd1 Qc3 18. Rac1 Qb2 19. Rb1 Qc3 20. Rd3 exd4 21. exd4 {1-0 (21) Paehtz,E (2474)-Banusz,T (2616) Minsk 2017}) 10. Rb1 Qxc3 11. Qxh5 {And now Nb5 would win.} Bxc5 {[#]} 12. N4b3 (12. Nxc6 $142 $1 bxc6 13. Bf4) 12... Bb4 ({Wrong is} 12... g6 $2 13. Qf3 $18) 13. Bh4 Qc2 {Threatens to win with ...Qxb1+.} 14. Qd1 Qxa2 15. Be2 a5 16. Ra1 Qb2 {[#]} 17. Rb1 (17. O-O $1 $16) 17... Qe5 (17... Qa2 $1 $11) 18. O-O O-O 19. Nf3 Qd6 20. Nbd4 e5 21. Nb5 Qd7 22. Qa4 {aiming for Nxe5!} f6 23. Rfd1 Qf7 24. Na3 (24. Ne1 $16) 24... Bf5 $11 25. Rbc1 Rfd8 26. Nd2 (26. Nb5 $14) 26... Be6 27. Nb5 d4 {[%cal Bd5d4,Bd4e3][%mdl 32]} 28. Bc4 $2 {[%mdl 8192]} (28. Nc4 $1 $11) 28... dxe3 $19 29. Qa2 $2 (29. fxe3 {was worth a try.} Bxd2 30. Rxd2 Rxd2 31. Bxe6 Qxe6 32. Nc7) 29... Rxd2 {Black is clearly winning.} 30. Bxe6 Rxa2 31. Bxf7+ Kxf7 32. fxe3 Ke7 {Precision: White = 43%, Black = 57%.} 0-1

[Event "84th Annual Southwest Open"]
[Site "Irving"]
[Date "2018.09.01"]
[Round "3"]
[White "Sanchez, Robert"]
[Black "Easton, Jack"]
[Result "1-0"]
[WhiteElo "1834"]
[BlackElo "2262"]
[Annotator "TA"]
[PlyCount "59"]
[EventDate "2018.08.31"]
[EventType "swiss"]
[EventCountry "USA"]
[SourceTitle "playchess.com"]
[Source "ChessBase"]
[SourceQuality "1"]

{[%evp 17,59,26,40,34,44,13,29,10,71,47,38,32,267,264,297,289,292,255,254,252,256,256,258,257,257,256,272,245,294,280,285,285,324,253,330,325,329,326,320,313,294,294,491,485]} 1. e4 c5 2. d4 cxd4 3. c3 Nf6 4. e5 Nd5 5. Nf3 Nc6 6. Bc4 {[%cal Bf1c4,Bc4b3,Bb3c2][%mdl 32]} Nb6 7. Bb3 e6 8. cxd4 d6 9. Qe2 Be7 {LiveBook: 11 Partien. B22: Sizilianisch (Alapin 2.c3)} 10. Nc3 O-O 11. Bc2 $146 ({Vorgänger:} 11. O-O a6 12. a3 Qc7 13. Bf4 d5 14. Qd3 f5 15. exf6 Qxf4 16. fxe7 Nxe7 17. Rae1 Ng6 18. Ne5 Nxe5 19. Rxe5 {1-0 (39) Kharchenko,B (2476)-Potyavin,I (2053) St Petersburg 2012}) 11... dxe5 {Die Stellung ist ausgeglichen.} 12. dxe5 Nd4 (12... Nb4 $11 {bleibt in der Remisbreite.}) 13. Nxd4 $16 Qxd4 14. O-O $40 {[%mdl 128] Weiss startet einen Angriff.} Bd7 $2 {[#]} (14... g6 $14) 15. Rd1 $18 Qc5 16. Be3 Qxe5 17. Bxb6 Qxe2 18. Nxe2 Bb5 19. Nd4 axb6 20. Nxb5 Bf6 21. Nc3 Rfc8 22. Bb3 b5 23. Nxb5 Bxb2 24. Rab1 Be5 25. Rbc1 g6 26. Rxc8+ Rxc8 27. g3 Rc5 28. Nd6 Rc7 29. f4 Bc3 $2 {[#]} (29... Bb2 {kämpft weiter.} 30. Nb5 Rc1 31. Rxc1 Bxc1) 30. Nb5 {Precision: Weiß = 63%, Schwarz = 43%.} 1-0

[Event "84th Annual Southwest Open"]
[Site "Irving"]
[Date "2018.09.02"]
[Round "4"]
[White "Kovalyov, Anton"]
[Black "Javakhadze, Zurab"]
[Result "1-0"]
[WhiteElo "2644"]
[BlackElo "2438"]
[Annotator "TA"]
[PlyCount "87"]
[EventDate "2018.08.31"]
[EventType "swiss"]
[EventCountry "USA"]
[SourceTitle "playchess.com"]
[Source "ChessBase"]
[SourceQuality "1"]

{[%evp 19,87,4,7,7,21,27,21,21,21,19,28,20,18,0,6,0,3,0,0,0,11,-8,0,0,0,-12,0,0,31,24,38,28,99,99,99,99,99,99,202,206,215,207,189,213,187,183,190,212,262,221,222,143,296,293,301,288,320,293,315,285,420,416,386,335,330,329,309,320,316,258]} 1. c4 e6 2. g3 d5 3. Bg2 Nf6 4. Nf3 Be7 5. O-O O-O 6. b3 b6 7. Bb2 Bb7 8. e3 Nbd7 9. Nc3 {[%cal Bb1c3,Bc3e2,Be2f4][%mdl 32]} Ne4 10. cxd5 {A14: English Opening: 1...e6 with b3 by White} (10. Ne2 Bf6 11. d4 c5 12. cxd5 exd5 13. Nf4 c4 14. Nd2 cxb3 15. Nxd5 Bxd5 16. Bxe4 Bxe4 17. Nxe4 bxa2 18. Rxa2 {1-0 (34) Wei,Y (2734)-Bacrot,E (2718) Liaocheng 2018}) 10... exd5 {LiveBook: 5 Games} 11. Ne2 Bf6 12. Bxf6 {The position is equal.} Ndxf6 13. d3 Nd6 {[%cal Be4d6,Bd6e8,Be8f6][%mdl 32]} 14. Nf4 $146 ({Predecessor:} 14. Rc1 c5 15. d4 c4 16. Ne5 b5 17. a4 a6 18. Rb1 {½-½ (30) Breivik,L (2168)-Dedebas,E (2353) Riga 2018}) 14... c5 15. Rc1 Rc8 16. Ne5 Qe7 17. Ng4 Nde8 18. Re1 Nxg4 19. Qxg4 Nf6 20. Qf5 {[%cal Rf4d5]} Rfd8 21. h4 h6 22. h5 Rc7 {White must now prevent ...Bc8.} 23. d4 Rdc8 24. Nxd5 Bxd5 25. Bxd5 Qd8 (25... Rd8 $11 {remains equal.} 26. Bf3 cxd4) 26. Bf3 $16 cxd4 27. Rxc7 Rxc7 {[#]} 28. exd4 $1 Qxd4 (28... Qd7 $16 {might work better.} 29. Qxd7 Rxd7) 29. Rd1 $40 {[%mdl 128] White wants a kill.} Rc5 30. Qb1 ({Less strong is} 30. Rxd4 Rxf5 31. Rd8+ Kh7 $14) 30... Qe5 31. Rd8+ Ne8 32. Kg2 Rc7 33. Qd3 Qe7 34. Ra8 Kf8 35. Qb5 ({Resist} 35. Qh7 $6 Qd7 $16) 35... Rc5 $2 (35... Rd7 $16 36. Qa4 a5) 36. Qa4 Ra5 {[#]} 37. Qf4 $1 Re5 {[#]} 38. Rxa7 $1 {[%mdl 512]} Qxa7 39. Qxe5 Qxa2 (39... Qc7 $142 40. Qd5 Ke7 41. Qe4+ Kf8) 40. Bc6 {[%csl Gc6][%cal Re5e8]} Nf6 {Threatening ...Qxf2+.} 41. Qb8+ Ke7 {White has a decisive advantage.} 42. Qc7+ ({But not} 42. Qxb6 Qd2 $18) 42... Ke6 43. Qxb6 Qd2 {[#]} 44. Bd5+ $1 {[%mdl 512] Precision: White = 85%, Black = 46%.} 1-0

[Event "84th Annual Southwest Open"]
[Site "Irving"]
[Date "2018.09.02"]
[Round "4"]
[White "Vorontsov, Pavlo"]
[Black "Ostrovskiy, Aleksandr"]
[Result "1/2-1/2"]
[WhiteElo "2578"]
[BlackElo "2425"]
[Annotator "TA"]
[PlyCount "136"]
[EventDate "2018.08.31"]
[EventType "swiss"]
[EventCountry "USA"]
[SourceTitle "playchess.com"]
[Source "ChessBase"]
[SourceQuality "1"]

{[%evp 13,136,8,18,12,16,-8,6,-6,20,14,12,21,29,19,32,23,17,23,28,46,51,-19,-18,-34,-12,-23,-22,-122,-116,-151,-108,-111,-110,-114,-116,-116,-117,-128,-109,-132,-129,-145,-85,-85,-85,-85,-85,-85,-85,-85,-85,-85,-85,-85,-85,-85,-85,-85,-85,-85,-85,-85,-64,-85,-64,-85,-85,-85,-85,-85,-85,-85,-85,-85,-64,-64,-64,-64,-64,-64,-64,-64,-51,-51,-51,-51,-51,-65,-51,-51,-51,-65,0,-51,-33,-33,-33,-33,-22,-33,0,-33,-33,-33,-33,-1642,-33,-12841,0,-829,0,-12840,0,0,0,0,0,0,0,0,0,0,0,0,0]} 1. e4 c6 2. d4 d5 3. exd5 cxd5 4. Nf3 Nf6 5. Ne5 g6 (5... Nc6 6. Bb5 Bd7 7. Nxd7 Qxd7 8. c3 e6 9. O-O Bd6 10. Nd2 O-O 11. Re1 a6 12. Bd3 e5 13. dxe5 Nxe5 {1-0 (52) Kramnik,V (2787)-Caruana,F (2811) Wijk aan Zee 2018}) 6. Bb5+ {B13: Caro-Kann: Exchange Variation and Panov-Botvinnik Attack} Nbd7 7. O-O Bg7 {LiveBook: 23 Games} 8. Nc3 O-O 9. Bg5 Nb6 10. a4 a6 $146 ({Predecessor:} 10... Ne4 11. Nxe4 dxe4 12. a5 Nd5 {0-1 (27) Frolov,A (2265)-Tamaev,T (2305) Krasnodar 1998}) 11. Bd3 Be6 12. Re1 Re8 13. a5 Nc4 14. Bxc4 dxc4 15. Na4 Qxa5 16. Nc5 Qb6 17. Qe2 (17. Nxe6 $14 Qxe6 18. Nxg6 $1 {[%mdl 512]}) 17... Bd5 $11 18. Nxc4 Bxc4 19. Qxc4 Qc7 $36 {[%mdl 2048] Black has the initiative.} 20. Qb3 (20. Qe2 $11 {remains equal.}) 20... Ng4 $1 $17 {[%csl LRd4,LRh2]} 21. h3 Bxd4 22. hxg4 Qxc5 23. Bh4 b5 24. c3 Bf6 25. Bg3 a5 {[%cal Ba6a5,Ba5a4][%mdl 32]} 26. Red1 a4 27. Qd5 Qxd5 (27... Rec8 $142 {Hoping for ...Qxd5.} 28. Qd7 Qc4) 28. Rxd5 {[#]} b4 $1 {[%mdl 512]} 29. cxb4 Bxb2 30. Ra2 a3 {aiming for ...Rec8.} 31. Be5 e6 32. Rc5 Bxe5 33. Rxe5 {[%mdl 4096] Endgame KRR-KRR} Ra4 34. Ra5 Rxb4 35. f3 Rb3 (35... Reb8 {with more complications.} 36. R5xa3 Rb1+ 37. Kh2 h6 38. Ra8 Rxa8 39. Rxa8+ Kg7) 36. R5xa3 Rxa3 37. Rxa3 {KR-KR} Re7 38. Kf2 Kg7 39. Ra2 Rb7 40. Rc2 Kf6 41. Ra2 Rb5 42. Rc2 Ra5 43. Rb2 h5 44. gxh5 Rxh5 45. Kg3 Ra5 46. Kf2 Kg5 47. Kg3 e5 48. Rb7 f6 49. Rb2 Rc5 50. Ra2 Rc4 51. Rb2 Ra4 52. Rc2 Ra5 53. Rb2 $1 f5 54. Rc2 Rb5 55. Ra2 Rd5 56. Rb2 Ra5 57. Rc2 Ra3 58. Rc5 e4 59. Kf2 $2 {[%mdl 8192] [#]} (59. Rb5 $15) 59... Ra2+ $2 (59... Kh4 $1 $19 60. fxe4 fxe4) 60. Ke3 $2 {[%mdl 8192]} (60. Kg3 $15) 60... Ra3+ (60... Kh4 $142 61. fxe4 fxe4 62. g3+ Kg4 63. Kxe4 Ra3) 61. Kf2 $19 Ra2+ (61... Kh4 $142 62. fxe4 fxe4) 62. Ke3 {[#]} Rxg2 $2 ({Black should play} 62... Kh4 $1 $19 63. fxe4 fxe4 64. g3+ Kg4 65. Kxe4 Ra3) 63. fxe4 $11 {The position is equal.} Kg4 {Threatens to win with ...f4+.} 64. exf5 gxf5 65. Rc4+ Kg3 66. Rf4 {[#]} Re2+ $1 {[%mdl 512]} 67. Kxe2 {White threatens Ke3 and mate.} Kxf4 68. Kf2 Ke5 {Precision: White = 58%, Black = 50%.} 1/2-1/2

[Event "84th Annual Southwest Open"]
[Site "Irving"]
[Date "2018.09.01"]
[Round "4"]
[White "Sadorra, Julio Catalino"]
[Black "Xiong, Jeffery"]
[Result "1/2-1/2"]
[WhiteElo "2555"]
[BlackElo "2650"]
[Annotator "TA"]
[PlyCount "69"]
[EventDate "2018.08.31"]
[EventType "swiss"]
[EventCountry "USA"]
[SourceTitle "playchess.com"]
[Source "ChessBase"]
[SourceQuality "1"]

{[%evp 34,69,0,0,0,0,0,0,0,0,0,0,0,0,0,0,0,0,0,0,0,0,0,0,0,0,0,0,0,0,0,0,0,0,0,0,0,0]} 1. Nf3 Nf6 2. c4 c5 3. b3 g6 4. Bb2 Bg7 5. g3 b6 6. Bg2 Bb7 7. O-O O-O 8. d4 Na6 9. Nc3 d5 10. dxc5 Nxc5 11. Nxd5 Nxd5 12. Bxg7 Kxg7 13. cxd5 Qxd5 14. Qxd5 Bxd5 15. Rfd1 {A30: Symmetrical English: Double Fianchetto and Hedgehog} Rfd8 16. Ne5 Bxg2 17. Kxg2 Rac8 18. Rac1 {LiveBook: 3 Games. The position is equal.} f6 19. Rxd8 $146 ({Predecessor:} 19. Nd3 Ne4 20. Nf4 Kf7 21. Rxd8 Rxd8 22. Rc7 Rd2 23. Rxa7 {½-½ (86) Grimm,S (2325)-Vaganian,R (2615) Porz 1992}) 19... Rxd8 $11 {[%mdl 4096] Endgame KRN-KRN} 20. Nc6 Rd2 21. b4 Ne6 22. a3 Rd7 23. Rc2 Kf7 24. Nb8 Rd8 25. Nc6 Rd7 26. Nb8 Rd1 27. Nc6 a6 28. Nb8 a5 29. Rc6 axb4 30. axb4 b5 31. Rb6 Nc7 32. Rb7 Rc1 33. Nd7 Rc4 34. Nc5 Nd5 35. Rxb5 {Precision: White = 100%, Black = 88%.} 1/2-1/2

[Event "84th Annual Southwest Open"]
[Site "Irving"]
[Date "2018.09.01"]
[Round "4"]
[White "Matsenko, Sergei"]
[Black "Patel, Advait"]
[Result "1/2-1/2"]
[WhiteElo "2533"]
[BlackElo "2475"]
[Annotator "TA"]
[PlyCount "63"]
[EventDate "2018.08.31"]
[EventType "swiss"]
[EventCountry "USA"]
[SourceTitle "playchess.com"]
[Source "ChessBase"]
[SourceQuality "1"]

{[%evp 29,63,18,12,8,7,0,0,0,0,0,0,-12,0,0,12,-34,-30,-40,-33,-35,-29,-24,-30,-52,0,0,0,0,0,0,0,0,0,0,0,0]} 1. e4 e5 2. Nf3 Nc6 3. Bb5 a6 4. Ba4 Nf6 5. O-O Be7 6. Re1 b5 7. Bb3 d6 8. c3 O-O 9. h3 Nb8 10. d4 Nbd7 11. a4 Bb7 12. Nbd2 {[%cal Bb1d2,Bd2f1,Bf1g3][%mdl 32]} c5 13. d5 c4 {C95: Spanische Partie (Breyer-Variante)} 14. Bc2 Qc7 15. Nf1 Rfb8 {LiveBook: 3 Partien} 16. Ng3 g6 17. Bg5 Nc5 18. Qd2 {[#]} Bc8 $146 ({Vorgänger:} 18... bxa4 19. Bxa4 Bc8 20. Ra2 Nxa4 21. Rxa4 Rb6 22. Be3 Rb7 23. Rea1 a5 24. Qe2 Bd7 {0-1 (51) Castellanos Rodriguez,R (2490)-Jones,G (2655) Benasque 2012}) 19. axb5 axb5 20. Nh2 Qd8 21. f4 Nfd7 22. Nf3 Bxg5 23. Nxg5 exf4 24. Qxf4 f6 25. Nf3 $1 Ne5 26. Rf1 Nxf3+ ({Besser ist} 26... Rxa1 $15 27. Rxa1 b4) 27. Qxf3 $11 {Die Stellung ist ausgeglichen.} Kg7 28. Ne2 Bd7 29. Nd4 Rxa1 30. Rxa1 Ra8 31. Rxa8 Qxa8 32. Qg3 {Precision: Weiß = 64%, Schwarz = 68%.} 1/2-1/2

[Event "84th Annual Southwest Open"]
[Site "Irving"]
[Date "2018.09.01"]
[Round "4"]
[White "Preotu, Razvan"]
[Black "Chua, Alexander"]
[Result "1-0"]
[WhiteElo "2513"]
[BlackElo "2332"]
[Annotator "TA"]
[PlyCount "65"]
[EventDate "2018.08.31"]
[EventType "swiss"]
[EventCountry "USA"]
[SourceTitle "playchess.com"]
[Source "ChessBase"]
[SourceQuality "1"]

{[%evp 22,65,51,50,58,47,48,48,60,48,41,49,43,50,46,57,92,36,20,16,129,120,166,162,156,155,157,152,158,148,230,225,233,231,429,429,434,410,422,414,416,360,29991,719,29997,29998]} 1. e4 c5 2. Nf3 d6 3. d4 cxd4 4. Nxd4 Nf6 5. Nc3 Nc6 6. Bg5 e6 7. Qd2 a6 8. O-O-O Bd7 9. f4 Be7 10. Nf3 h6 {B68: Sicilian: Richter-Rauzer: 7...a6 8 0-0-0 Bd7 9 f4 Be7} (10... b5 11. Bxf6 gxf6 12. Kb1 b4 13. Ne2 h5 14. f5 e5 15. Rg1 Qb6 16. g4 Qf2 17. Qd3 hxg4 18. Rxg4 Nd8 19. Rg2 Qc5 20. Ng3 {1-0 (29) Anand,V (2782)-Demchenko,A (2660) Riadh 2017}) 11. Bxf6 gxf6 12. f5 {LiveBook: 4 Games} Qb6 {White is slightly better.} 13. fxe6 fxe6 14. Ne2 $146 ({Predecessor:} 14. g3 O-O-O 15. Bh3 Qa5 16. Kb1 Qh5 17. Qg2 b5 18. Ne2 Rhe8 19. Nf4 Qf7 20. Bg4 Rg8 21. Qh3 Rxg4 22. Qxg4 e5 23. Qg6 Qc4 {1-0 (23) Bensch,P (2260)-Coduro,M Germany 1993}) 14... Qa5 15. Qxa5 Nxa5 {[%cal Bc6a5,Ba5c4,Bc4e3][%mdl 32]} 16. Nf4 Rc8 17. g3 Nc4 18. Bh3 Ne3 {[#]} 19. Rd3 ({White should play} 19. Rd2 $1 $16) 19... Nxc2 $14 {Hoping for ...Nb4+.} 20. Kb1 d5 (20... Kf7 $11) 21. Nxe6 $16 Bxe6 22. Bxe6 dxe4 23. Bxc8 exd3 24. Bxb7 a5 25. Rd1 Ne3 (25... Kf7 $16 26. Rxd3 Nb4) 26. Rxd3 $18 Ng4 27. Rd5 Bd8 $2 {[#]} (27... Ne5) 28. Bc6+ Kf7 29. Rd7+ Be7 30. Bd5+ Ke8 31. Ra7 Bd8 $2 (31... Ne3 $18 32. Be6 h5 33. Rxa5 Kf8) 32. Nd4 (32. Bf7+ $142 Kf8 33. Nd4 Be7 34. Bh5 Kg8 35. Rxe7 Ne3 36. Ne6 Nf5 37. Rd7 Ne7 38. Rxe7 Rh7 39. Re8#) 32... Bb6 33. Bf7+ {Precision: White = 77%, Black = 31%.} 1-0

[Event "84th Annual Southwest Open"]
[Site "Irving"]
[Date "2018.09.02"]
[Round "4"]
[White "Popilski, Gil"]
[Black "Stefanov, Emil"]
[Result "1-0"]
[WhiteElo "2491"]
[BlackElo "2407"]
[Annotator "TA"]
[PlyCount "97"]
[EventDate "2018.08.31"]
[EventType "swiss"]
[EventCountry "USA"]
[SourceTitle "playchess.com"]
[Source "ChessBase"]
[SourceQuality "1"]

{[%evp 30,97,-28,-22,0,-11,-23,-21,-12,-20,0,-12,13,8,16,10,9,9,20,29,25,0,0,0,0,0,24,23,26,0,58,22,19,14,22,16,28,20,58,2,2,2,5,5,32,24,31,8,89,89,89,90,90,90,99,91,91,85,91,70,98,98,98,98,906,785,6086,6086,29983,29984]} 1. e4 e5 2. Nf3 Nc6 3. Bb5 a6 4. Ba4 Nf6 5. O-O Be7 6. Re1 b5 7. Bb3 d6 8. c3 O-O 9. d4 Bg4 10. d5 Na5 11. Bc2 Qc8 12. h3 Bd7 13. Nbd2 c6 14. b4 {C91: Closed Ruy Lopez: 7...d6 8 c3 0-0 9 d4} (14. dxc6 Bxc6 15. Nf1 Re8 16. Bg5 Qe6 17. b3 Rac8 18. Qd2 Nh5 19. g4 Nf6 20. Ng3 g6 21. Bh4 Nd7 22. Ng5 Bxg5 23. Bxg5 {1-0 (42) Andreikin,D (2723)-Grigoriants,S (2576) Minsk 2017}) 14... Nb7 15. dxc6 Qxc6 16. Bb2 {[#] LiveBook: 31 Games. Black has an edge.} g6 $146 ({Predecessor:} 16... Nd8 17. Bd3 Ne6 18. Bf1 Nf4 19. Rc1 a5 {0-1 (61) Arvola,B (2435)-Urkedal,F (2541) Stavanger 2017}) 17. Bb3 a5 18. a3 Qb6 19. Nf1 Bc6 20. Ng3 Nd8 21. Bc1 Ne6 22. Bh6 Rfe8 23. Ng5 Nxg5 24. Bxg5 Bd7 25. Bxf6 Bxf6 26. Nf1 Bg5 27. Ne3 Bxe3 (27... a4 {feels hotter.} 28. Bd5 Rac8 29. Rc1 Rc7 30. c4 Kg7) 28. Rxe3 {[%cal Be1e3,Be3d3,Bd3d5][%mdl 32]} Be6 29. Rd3 axb4 (29... Bxb3 $11 30. Qxb3 Rec8) 30. cxb4 Bxb3 31. Qxb3 Rec8 32. Rad1 Rc6 33. Rd5 Qa6 34. Qd3 (34. R1d3 $14) 34... Qxa3 $11 35. Qxb5 Rac8 36. Kh2 Qa8 37. Qe2 Rb8 38. Qd2 (38. b5 $5 {[%cal Rb5c6]} Rcb6 39. Qf3 $14) 38... Qa3 (38... Qa6 $11 {remains equal.}) 39. Rxd6 $16 Rxd6 40. Qxd6 Qxb4 41. Qxe5 {[%mdl 4096] Endgame KQR-KQR} Rf8 42. Rd6 Qb8 43. Qd5 Re8 44. e5 Kg7 45. Qd4 {Threatens to win with e6+.} Kg8 46. f4 $36 {[%mdl 2048] aiming for e6! White is in control.} Qc8 $2 {[%mdl 8192] [#]} (46... Qc7 $16 47. Rd7 Qc6) 47. e6 $1 $18 {[%mdl 512]} fxe6 (47... Rxe6 48. Rd8+) 48. Rd7 {[%csl Gd7][%cal Rd4g7]} e5 49. Qd5+ {Precision: White = 49%, Black = 37%.} 1-0

[Event "84th Annual Southwest Open"]
[Site "Irving"]
[Date "2018.09.02"]
[Round "4"]
[White "Checa, Nicolas"]
[Black "Shtembuliak, Evgeny"]
[Result "0-1"]
[WhiteElo "2478"]
[BlackElo "2518"]
[Annotator "TA"]
[PlyCount "80"]
[EventDate "2018.08.31"]
[EventType "swiss"]
[EventCountry "USA"]
[SourceTitle "playchess.com"]
[Source "ChessBase"]
[SourceQuality "1"]

{[%evp 15,80,25,22,27,25,14,18,17,27,10,11,16,41,-2,61,5,15,-34,-28,-77,-81,-93,-78,-123,-131,-130,-135,-197,-192,-197,-168,-188,-190,-214,-179,-356,-310,-359,-333,-322,-311,-310,-293,-617,-612,-620,0,0,0,-611,-576,-572,-594,-860,-847,-880,-868,-1135,-1123,-2154,-2154,-2332,-2581,-2435,-2420,-2436,-2267]} 1. d4 Nf6 2. c4 e6 3. Nf3 d5 4. Nc3 Bb4 5. cxd5 exd5 6. Bg5 Qd6 7. Nd2 Bf5 {D38: Queen's Gambit Declined: Ragozin Defence (4 Nf3 Bb4)} 8. e3 Nbd7 {LiveBook: 6 Games} (8... c6 9. Qb3 Ne4 10. Ndxe4 Bxe4 11. a3 Bxc3+ 12. bxc3 b6 13. Qb4 Qxb4 14. cxb4 a6 15. a4 {1-0 (45) Nakamura,H (2779)-Nguyen,N (2629) Doha 2016}) 9. Be2 O-O {White has an edge.} 10. O-O c6 11. Qb3 b5 $146 ({Predecessor:} 11... Qe7 12. Bf3 h6 13. Bh4 g5 14. Bg3 h5 15. h3 {½-½ (23) Adorjan,A (2525)-Antonio,R (2490) Bacolod 1991}) 12. a3 Ba5 13. Rfc1 Nb6 ({Don't go for} 13... Bc7 $2 14. Bf4 $18) 14. Qa2 {Strongly threatening b4.} Nc4 (14... Bxc3 $11 15. Rxc3 a5) 15. Nf3 (15. b4 $14 Bb6 16. a4) 15... Bxc3 $11 16. Bf4 Qe7 17. Rxc3 Ne4 $36 {[%mdl 2048] Black is really pushing.} 18. Rcc1 g5 $1 {[%cal Rg5f4]} 19. Bg3 h5 $1 20. b3 Na5 $1 21. a4 (21. Bd1 $17 {might work better.}) 21... b4 $19 22. Rc5 Nxc5 23. dxc5 Qxc5 24. Nd4 Bg6 25. f4 $2 (25. Qb2 {is a better defense.}) 25... gxf4 26. Bxf4 Qc3 27. Rf1 c5 28. Nb5 Qc2 ({Don't do} 28... Qxb3 29. Qa1 $19) 29. Qa1 $2 (29. Qxc2 Bxc2 30. Nc7) 29... Qxe2 30. Qf6 {[#]} Be4 $2 ({Black should try} 30... Kh7 $1 $19 31. Qg5 Rae8) 31. Qg5+ $11 Bg6 32. Qf6 $1 {[#] Bh6 is the strong threat.} Kh7 $1 {Black is clearly winning.} 33. Nd6 {White wants to play Nf5.} Qg4 34. Be5 {[%csl Ge5][%cal Rf6g7]} Bd3 35. Rf3 Qg6 36. Qh4 f6 37. Rg3 fxe5 {[%csl Gd3][%cal Rf8f1]} 38. Qe7+ Kh8 {[%csl Gd3][%cal Rf8f1]} 39. Qxe5+ Qf6 40. Qxh5+ Bh7 {Precision: White = 32%, Black = 64%.} 0-1